[Event "Belgrade Trophy 36th"]
[Site "Belgrade"]
[Date "2023.11.28"]
[Round "4"]
[White "Matovic, Andjela"]
[Black "Medjedovic, Marko"]
[Result "0-1"]
[WhiteElo "1819"]
[BlackElo "2077"]
[PlyCount "78"]
[EventDate "2023.11.25"]
[EventType "swiss"]
[EventRounds "9"]
[EventCountry "SRB"]
[SourceTitle "CB49_2023"]
[SourceDate "2023.12.06"]
[SourceVersion "1"]
[SourceVersionDate "2023.12.06"]
[SourceQuality "1"]

1. d4 c5 2. d5 Nf6 3. c4 d6 4. Nf3 g6 5. Nc3 Bg7 6. Bg5 h6 7. Bh4 Qa5 8. Qd2 a6 9. e3 Bg4 10. Bd3 Nbd7 11. 0-0 g5 12. Bg3 Nh5 13. h3 Bxf3 14. gxf3 Nxg3 15. fxg3 Rb8 16. f4 b5 17. cxb5 axb5 18. Bf5 Nb6 19. Qe2 Nc4 20. Ne4 gxf4 21. Rxf4 h5 22. Ng5 Qd2 23. Qxd2 Nxd2 24. Nxf7 Kxf7 25. Bd7+ Kg6 26. Rd1 Nc4 27. g4 Bf6 28. gxh5+ Rxh5 29. Be6 Nxe3 30. Rd3 Rg5+ 31. Kf2 Ng2 32. Rff3 Bd4+ 33. Ke2 Be5 34. Kd1 Nf4 35. Bg4 Nxd3 36. Rxd3 Rxg4 37. hxg4 Bxb2 38. Rf3 b4 39. Kc2 Bf6 0-1

[Event "Petrovac op"]
[Site "Petrovac"]
[Date "2015.05.13"]
[Round "8"]
[White "Medjedovic, Marko"]
[Black "Krstonijevic, Stjepan"]
[Result "1/2-1/2"]
[WhiteElo "2142"]
[BlackElo "2065"]
[PlyCount "147"]
[EventDate "2015.05.08"]
[EventType "swiss"]
[EventRounds "9"]
[EventCountry "MNE"]
[SourceTitle "CBM 166 Extra"]
[Source "ChessBase"]
[SourceDate "2015.06.18"]
[SourceVersion "1"]
[SourceVersionDate "2015.06.18"]
[SourceQuality "1"]

1. d4 d5 2. c4 e6 3. Nc3 Nf6 4. Nf3 c6 5. e3 Nbd7 6. Bd3 dxc4 7. Bxc4 b5 8. Bd3 a6 9. 0-0 c5 10. b3 Bb7 11. Bb2 Be7 12. Rc1 0-0 13. Re1 Qb6 14. dxc5 Nxc5 15. Bb1 a5 16. Nd4 Rfd8 17. Qe2 b4 18. Na4 Nxa4 19. bxa4 Rd5 20. Red1 Rad8 21. Nb5 Ba6 22. Rxd5 Rxd5 23. Qc2 Rc5 24. Qd3 Bxb5 25. axb5 Qxb5 26. Qxb5 Rxb5 27. Rc8+ Bf8 28. Kf1 Rc5 29. Rxc5 Bxc5 30. Bxf6 gxf6 31. Bc2 h6 32. Ke2 Kf8 33. Ba4 Ke7 34. Kd3 f5 35. f3 Bd6 36. h3 Bg3 37. Kc4 Kd6 38. Kd3 f6 39. Be8 e5 40. Ba4 Kc5 41. e4 f4 42. Be8 Bf2 43. Bd7 Kd6 44. Ba4 Ke6 45. Bc6 Kf7 46. Ba4 Kg6 47. Ke2 Bd4 48. Bd7 Kg5 49. Ba4 f5 50. Bd7 fxe4 51. fxe4 Kf6 52. Kd3 f3 53. gxf3 Kg5 54. Kc4 Kf4 55. Kb3 Kxf3 56. Bf5 h5 57. Ka4 Bc3 58. Kb3 h4 59. Ka4 Ke3 60. Kb3 Kd3 61. Bg6 Bd2 62. Bf5 Be1 63. a3 Bc3 64. axb4 Bxb4 65. Bg6 Kd4 66. Bf5 Kc5 67. Ka4 Kc4 68. Bg6 Kc3 69. Bf5 Kd3 70. Kb3 Bd2 71. Ka4 Ke3 72. Kb3 Kd4 73. Ka4 Kc4 74. Bg6 1/2-1/2

[Event "Petrovac op"]
[Site "Petrovac"]
[Date "2015.05.11"]
[Round "6"]
[White "Radenkovic, Aleksa"]
[Black "Medjedovic, Marko"]
[Result "1/2-1/2"]
[WhiteElo "1908"]
[BlackElo "2142"]
[PlyCount "68"]
[EventDate "2015.05.08"]
[EventType "swiss"]
[EventRounds "9"]
[EventCountry "MNE"]
[SourceTitle "CBM 166 Extra"]
[Source "ChessBase"]
[SourceDate "2015.06.18"]
[SourceVersion "1"]
[SourceVersionDate "2015.06.18"]
[SourceQuality "1"]

1. Nc3 d5 2. e4 d4 3. Nce2 e5 4. Ng3 Bc5 5. Nf3 Qe7 6. Bc4 Nf6 7. a3 a5 8. d3 0-0 9. 0-0 Nc6 10. Bg5 h6 11. Bd2 Be6 12. Ba2 Bxa2 13. Rxa2 Qe6 14. Ra1 Rae8 15. Qc1 Kh7 16. Nf5 Ng8 17. N3h4 Nge7 18. f4 Nxf5 19. Nxf5 b6 20. Rf3 Ne7 21. Nxg7 Kxg7 22. f5 Qf6 23. Bxh6+ Qxh6 24. f6+ Kh7 25. Rh3 Qxh3 26. gxh3 Rg8+ 27. Kh1 Nc6 28. Qd1 Rg6 29. Qh5+ Kg8 30. Rg1 Rxg1+ 31. Kxg1 Bf8 32. Qg5+ Kh8 33. Qh5+ Kg8 34. Qg5+ Kh8 1/2-1/2

[Event "Petrovac op"]
[Site "Petrovac"]
[Date "2015.05.09"]
[Round "2"]
[White "Zhukov, Anton"]
[Black "Medjedovic, Marko"]
[Result "1/2-1/2"]
[WhiteElo "1582"]
[BlackElo "2142"]
[PlyCount "156"]
[EventDate "2015.05.08"]
[EventType "swiss"]
[EventRounds "9"]
[EventCountry "MNE"]
[SourceTitle "CBM 166 Extra"]
[Source "ChessBase"]
[SourceDate "2015.06.18"]
[SourceVersion "1"]
[SourceVersionDate "2015.06.18"]
[SourceQuality "1"]

1. d4 d5 2. c4 e6 3. Nf3 Nf6 4. g3 Be7 5. Bg2 0-0 6. Qc2 Nbd7 7. 0-0 c6 8. Nbd2 h6 9. e4 dxe4 10. Nxe4 Nxe4 11. Qxe4 Nf6 12. Qe2 Qc7 13. Bf4 Bd6 14. Bxd6 Qxd6 15. Rfd1 Rd8 16. Rac1 Bd7 17. Ne5 Be8 18. c5 Qc7 19. Nc4 Bd7 20. Qe5 Qxe5 21. dxe5 Nd5 22. Nd6 Rab8 23. Rd3 b6 24. b3 b5 25. Rf3 Rf8 26. Bh3 b4 27. Rd3 Bc8 28. Bg2 Ba6 29. Rd2 Rfd8 30. Bxd5 exd5 31. Nf5 Kf8 32. Nd4 Rbc8 33. Nc2 Rc7 34. Nxb4 Bc8 35. Rd4 Re8 36. f4 Bf5 37. Nc2 f6 38. exf6 gxf6 39. Rd2 Rce7 40. Nd4 Bd7 41. Kf2 Re4 42. b4 a6 43. a4 Rb8 44. Rb1 Be8 45. b5 axb5 46. axb5 cxb5 47. c6 Rc8 48. Rxb5 Bxc6 49. Nxc6 Rxc6 50. Rbxd5 Rce6 51. Rd7 Re7 52. Rxe7 Rxe7 53. Kf3 Kg7 54. Kg4 Ra7 55. f5 Kh7 56. Kh5 Rg7 57. Kh4 h5 58. Rd6 Rg4+ 59. Kxh5 Rg5+ 60. Kh4 Rxf5 61. Kg4 Rg5+ 62. Kf4 Kg6 63. h4 Ra5 64. Kg4 Ra4+ 65. Kh3 Rb4 66. Rd3 f5 67. Rd6+ Kg7 68. Kg2 Rb3 69. h5 Rb2+ 70. Kh3 Rb3 71. Kh4 Rb4+ 72. Kg5 Rg4+ 73. Kxf5 Rxg3 74. Rg6+ Rxg6 75. hxg6 Kg8 76. Kg4 Kg7 77. Kg5 Kg8 78. Kh6 Kh8 1/2-1/2